Acta oeconomica Cassoviensia no 4

Salvato in:
Dettagli Bibliografici
Ente Autore: Ekonomická univerzita v Bratislave. Podnikovohospodárska fakulta so sídlom v Košiciach
Altri autori: Bobáková, Viktória
Natura: Libro
Lingua:slovacco
ceco
inglese
Pubblicazione: Košice Podnikovohospodárska fakulta EU so sídlom v Košiciach 2000
Soggetti:
Tags: Aggiungi Tag
Nessun Tag, puoi essere il primo ad aggiungerne!!

MARC

LEADER 00000nam a2200000 4500
001 c120000
005 20221123132501.7
020 |a 80-225-1278-8 
041 0 |a slo 
041 0 |a cze 
041 0 |a eng 
044 |a SK 
245 1 0 |a Acta oeconomica Cassoviensia no 4  |c [ved. red. Viktória Bobáková] 
264 1 |a Košice  |b Podnikovohospodárska fakulta EU so sídlom v Košiciach  |c 2000 
300 |a 317 s. 
610 2 0 |a hospodárstvo podnikové 
610 2 0 |a dohľad bankový 
610 2 0 |a zmenky 
610 2 0 |a deriváty 
610 2 0 |a financie 
610 2 0 |a financie podnikové 
610 2 0 |a manažéri 
610 2 0 |a marketing 
610 2 0 |a poistenie 
610 2 0 |a reštrukturalizácia 
610 2 0 |a logistika 
610 2 0 |a priemysel 
610 2 0 |a Česko 
610 2 0 |a Slovensko 
610 2 0 |a reengineering 
610 2 0 |a certifikácia 
700 1 |a Bobáková, Viktória 
710 2 |a Ekonomická univerzita v Bratislave. Podnikovohospodárska fakulta so sídlom v Košiciach